Welcome to CU Library Online Public Access Catalogue (OPAC)

Radiographic Imaging (Record no. 3328)

MARC details
000 -LEADER
fixed length control field 00507nam a22001697a 4500
005 - DATE AND TIME OF LATEST TRANSACTION
control field 20250131194948.0
008 - FIXED-LENGTH DATA ELEMENTS--GENERAL INFORMATION
fixed length control field 250131b |||||||| |||| 00| 0 eng d
020 ## - INTERNATIONAL STANDARD BOOK NUMBER
International Standard Book Number 8123909977
050 ## - LIBRARY OF CONGRESS CALL NUMBER
Classification number RC78 CHE
100 ## - MAIN ENTRY--PERSONAL NAME
Personal name Chesney, D. Noreen
245 ## - TITLE STATEMENT
Title Radiographic Imaging
Statement of responsibility, etc. D. Noreen Chesney & Muriel O. Chesney
250 ## - EDITION STATEMENT
Edition statement 4th ed.
260 ## - PUBLICATION, DISTRIBUTION, ETC.
Place of publication, distribution, etc. Darya Ganj, New Delhi
Name of publisher, distributor, etc. CBS Publishers & Distributors
Date of publication, distribution, etc. 2004
300 ## - PHYSICAL DESCRIPTION
Extent xiv. 530p.
Other physical details ill.
Dimensions 21cm
700 ## - ADDED ENTRY--PERSONAL NAME
Personal name Chesney, Muriel O.
942 ## - ADDED ENTRY ELEMENTS (KOHA)
Source of classification or shelving scheme Library of Congress Classification
Koha item type Books
Edition 4th ed.
Suppress in OPAC No
999 ## -
-- 3328
-- 3328
Holdings
Withdrawn status Lost status Source of classification or shelving scheme Damaged status Not for loan Collection Home library Current library Shelving location Date acquired Total checkouts Full call number Barcode Date last seen Copy number Price effective from Koha item type
    Library of Congress Classification     Non-fiction Science Library (Miotso) Science Library (Miotso) General stacks 01/31/2025   RC78 CHE SLM00002723 01/31/2025 1 01/31/2025 Books
    Library of Congress Classification     Non-fiction Science Library (Miotso) Science Library (Miotso) General stacks 01/31/2025   RC78 CHE SLM00002724 01/31/2025 2 01/31/2025 Books
    Library of Congress Classification     Non-fiction Science Library (Miotso) Science Library (Miotso) General stacks 01/31/2025   RC78 CHE SLM00002725 01/31/2025 3 01/31/2025 Books
    Library of Congress Classification     Non-fiction Science Library (Miotso) Science Library (Miotso) General stacks 01/31/2025   RC78 CHE SLM00002726 01/31/2025 4 01/31/2025 Books
    Library of Congress Classification     Non-fiction Science Library (Miotso) Science Library (Miotso) General stacks 01/31/2025   RC78 CHE SLM00002727 01/31/2025 5 01/31/2025 Books
© 2023-2024 Copyright: Central University Libraries. All Rights Reserved | Created by: Mahone Tech Office